000 00904nam a22002897a 4500
001 9521
003 FISKH
005 20260119092432.0
008 260119b cb ||||| |||| 00| 0 eng d
020 _a1880892731
040 _aFISKH
_beng
_cFISKH
_dFISKH
050 _aPZ7
082 _a920.02
100 _aNickols, Yuriko
_eAuthor
245 _aFamous people /
_cBy Yuriko Nickols ; illustrated by Jane Tasciotti
260 _aMelrose :
_bCommon Sense Press ,
_c1998
300 _a35 pages :
_billustrations ;
_c20 cm
505 _aR
520 _aA superb, comprehensive book that will inform, amaze and fascinate the whole family.8 yrs+
521 8 _a700
_bLexile estimate
521 8 _aR
_bRaz-Plus
650 _aCharacter description
_vChildren's non-fiction
650 _aCulture
_vCurriculum
700 _aTasciotti, Jane
_eIllustrator
942 _2ddc
_cBK
_n0
999 _c9521
_d9521